| 000 | 00421aam a2200169 4500 | ||
|---|---|---|---|
| 005 | 20170111114241.0 | ||
| 008 | 150727b xxu||||| |||| 00| 0 spa d | ||
| 041 | _aInglés | ||
| 082 | _a428 K39L | ||
| 100 |
_aKern, Richard _936078 |
||
| 245 | _aLiteracy and language teaching | ||
| 260 |
_aInglaterra _bOxford _c2000 |
||
| 300 | _a358 páginas | ||
| 650 |
_aINGLÉS _92062 |
||
| 650 |
_a ENSEÑANZA _9236 |
||
| 942 | _cBK | ||
| 999 |
_c8701 _d8701 |
||